| 000 | 01412cam a22003734a 4500 | ||
|---|---|---|---|
| 001 | 13110472 | ||
| 005 | 20201128013447.0 | ||
| 008 | 030304s2007 nyu | b 001 0 eng | ||
| 010 | _a 2003040532 | ||
| 020 | _a0230521800 | ||
| 020 | _a9780230521803 (pbk.) | ||
| 020 | _a0230521797 (pbk.) | ||
| 020 | _a9780230521797 (pbk.) | ||
| 040 |
_aDLC _cDLC _dDLC |
||
| 042 | _apcc | ||
| 050 | 0 | 0 |
_aJA71 _b.H49 2003 |
| 082 | 0 | 0 |
_a320.5 _221 _bHEY |
| 100 | 1 |
_aHeywood, Andrew. _91312 |
|
| 245 | 1 | 0 |
_aPolitical ideologies : _ban introduction / _cAndrew Heywood. |
| 250 | _a4th ed. | ||
| 260 |
_aNew York : _bPalgrave Macmillan, _cc2007. |
||
| 260 | _bDistributer: Bacca. | ||
| 300 |
_axviii, 365 p. ; _c24 cm. |
||
| 504 | _aIncludes bibliographical references and index. | ||
| 650 | 0 |
_aPolitical science. _91313 _2BUEsh |
|
| 650 | 0 |
_aIdeology. _91315 _2BUEsh |
|
| 651 | _2BUEsh | ||
| 650 | 0 |
_91314 _aRight and left (Political science) _2BUEsh |
|
| 856 | 4 | 2 |
_3Contributor biographical information _uhttp://www.loc.gov/catdir/bios/hol052/2003040532.html |
| 856 | 4 | 2 |
_3Publisher description _uhttp://www.loc.gov/catdir/description/hol032/2003040532.html |
| 856 | 4 | 1 |
_3Table of contents _uhttp://www.loc.gov/catdir/toc/hol031/2003040532.html |
| 942 |
_2ddc _cBB |
||
| 999 |
_c10312 _d10312 |
||